| 000 | 01264cam a22003134a 4500 | ||
|---|---|---|---|
| 001 | 11854151 | ||
| 003 | ARRUPE | ||
| 005 | 20150827142359.0 | ||
| 008 | 991202s2000 nyu b s001 0 eng | ||
| 010 | _a 99059160 | ||
| 020 | _a0791446735 (alk. paper) | ||
| 020 | _a0791446743 (pbk. : alk. paper) | ||
| 040 |
_aDLC _cDLC _dDLC |
||
| 042 | _apcc | ||
| 050 | 0 | 0 |
_aB2430.R55 _bV46 2000 |
| 082 | 0 | 0 |
_a126/.092 _221 |
| 100 | 1 |
_aVenema, Henry Isaac, _d1958- _919003 |
|
| 245 | 1 | 0 |
_aIdentifying selfhood : _bimagination, narrative, and hermeneutics in the thought of Paul Ricoeur / _cHenry Isaac Venema. |
| 260 |
_aAlbany, N.Y. : _bState University of New York Press, _cc2000. |
||
| 300 |
_axii, 206 p. ; _c24 cm. |
||
| 440 | 0 |
_aMcGill studies in the history of religions _919004 |
|
| 504 | _aIncludes bibliographical references (p. 185-195) and index. | ||
| 600 | 1 | 0 |
_aRicœur, Paul. _919005 |
| 650 | 0 |
_aSelf (Philosophy) _917967 |
|
| 650 | 0 |
_aIdentity (Philosophical concept) _91396 |
|
| 906 |
_a7 _bcbc _corignew _d1 _eocip _f19 _gy-gencatlg |
||
| 942 |
_2lcc _cMONOGRAPH |
||
| 999 |
_c123151 _d123151 |
||